000 00212 a2200097 4500
001 1520
100 _aBrooks, W.H
245 _aStrength & elasticity of materials
260 _a
_bMacdonald
_c
090 _c1061
_d1061
942 _aNUST-CAE
_cM
_c681
999 _c236593
_d236593